| 000 | 00721nam a22002417a 4500 | ||
|---|---|---|---|
| 003 | URS | ||
| 005 | 20260405163040.0 | ||
| 008 | 260405b |||||||| |||| 00| 0 eng d | ||
| 020 | _a978-9-71981-816-8 | ||
| 040 |
_cURS _bEnglish _erda |
||
| 050 | 0 | 0 |
_aQM551 _b.G5891 2022 |
| 082 | 0 | 0 | _a611.018 |
| 100 |
_aGonzales, Eduardo G., _eauthor. |
||
| 245 | 1 | 0 |
_aEsteban and Gonzales' textbook of histology / _cEduardo G. Gonzales. |
| 250 | _a6th edition. | ||
| 264 |
_aQuezon City : _bC&E Publishing, _c©2022. |
||
| 300 |
_a xi, 552 pages : _billustrations ; _c26 cm. |
||
| 336 |
_atext _btxt _2rdacontent |
||
| 337 |
_aunmediated _bn _2rdamedia |
||
| 338 |
_avolume _bnc _2rdacarrier |
||
| 650 | 0 | _aHistology. | |
| 942 |
_2lcc _cF |
||
| 999 |
_c99364 _d99361 |
||